00525nam a2200205Ia 4500003000400000005001700004008004100021020001400062040000700076041000800083082002100091100001600112245007900128260003900207300001700246365001400263650001200277650001500289700001500304OSt20250627123556.0210423s2006 xx 000 0 und d a761949216 cAL aeng a070.1 223bCORM aJohn Corner aMedia and the restyling of politicsb: consumerism, celebrity and cynicism aNew DelhibSage Publicationsc2006 aviii,210bPB b1803cINR aGeneral aMass Media aPels, Dick